ASOIAF Places A-Z - Statistics

General Stats
  • This quiz has been taken 208 times
  • The average score is 15 of 25
Answer Stats
Hint Answer % Correct
D The warmest and most southerly of the Seven Kingdoms Dorne
98%
E The largest continent in the known world Essos
96%
B Small island in the North; seat of House Mormont Bear Island
95%
C Capital of the Westerlands; overlooks the city of Lannisport Casterly Rock
93%
A Mysterious city of the Shadow Lands in the far east Asshai
89%
O Home to the hightower and the citadel of the maesters Oldtown
87%
P Capital of the Iron Islands; castle on an island of the same name Pyke
87%
R Seat of House Tully; located at the confluence of the Tumblestone and Red Fork rivers Riverrun
85%
T Island in the stormlands; NOT rich in sapphires Tarth
74%
N Island of pacifists and deadly butterflies Naath
68%
H Was once the only true town north of the Wall, until its mysterious destruction six centuries ago Hardhome
65%
V Oldest of the Free Cities; located at the mouth of the river Rhoyne Volantis
63%
F Large hill beyond the wall; named for its shape Fist Of The First Men
60%
J Large body of water beyond the city of Qarth; known for its trade routes Jade Sea
60%
W Largest city in the North White Harbour
55%
Y 'Golden Empire' in the far east; ruled by dynasties of god-emperors named after gemstones Yi Ti
54%
Q Easternmost of the Free Cities; its inhabitants offer blood sacrifices to the Black Goat Qohor
48%
G Region known for its ancient slaving empire; home to the cities of Astapor, Yunkai and Meereen Ghiscar
42%
I Island nation in the Shivering Sea; known for its whalers Ibben
40%
S Inhabitants of these islands refer to themselves as the 'stoneborn' Skagos
31%
U Mysterious landmass in the far east; possibly a fourth major continent Ulthos
29%
L Island in the east; the Old Ones dwell beneath its jungles Leng
21%
K City in the Bone Mountains; inhabited by eunuchs and warrior women Kayakayanaya
13%
M Grim, grey forest at the eastern edge of the known world Mossovy
12%
Z Ruined city in Sothoryos; founded by people from Slaver's Bay and briefly settled by the Rhoynar Zamettar
9%
No matching quizzes found
Score Distribution
Percent of People with Each Score
Percentile by Number Answered
Your Score History
You have not taken this quiz